000 00233nam a22001097a 4500
082 _aINA
100 _aInaam Ur Rehman
245 _aAorat jaraim ki daldal main
260 _aLahore
_bSingmail pub
_c1988
300 _a317
942 _cBK
999 _c14641
_d14641